Diktacı tutum ve demokrasi (Record no. 3193)

MARC details
000 -BAŞLIK
Sabit Uzunlukta Kontrol Alanı 00750na a2200265 4500
001 - KONTROL NUMARASI
Denetim Alanı 15860
003 - KONTROL NUMARASI IDENTIFIER
Denetim Alanı MIRAKIL
005 - SON İŞLEM TARİHİ VE ZAMANI
Denetim Alanı 20181213154923.0
008 - SABİT-BOY VERİ ELEMANLARI - GENEL BİLGİLER
Sabit Uzunlukta Kontrol Alanı 160925b tu 000 0
035 ## - SİSTEM KONTROL NUMARASI
Sistem Kontrol Numarası 15860
040 ## - KATALOGLAMA KAYNAK
Orijinal Kataloglama Ajansı Milas
Kataloglama Dili tur
Metne Dönüştürmek Ajansı TR-AnCHP
082 ## - DEWEY ONLU SINIFLANDIRMA NUMARASI
Sınıflandırma Numarası 321.6
Ürün Numarası E67d 1981
090 ## - SINIFLAMA NUMARASI
Sınıflama Numarası 321.6 E67d 1981
100 ## - ANA GİRİŞ - KİŞİSEL İSİM
Kişisel Ad Ertürk, Selahattin
Bir Adıyla İlişkilendirilen Tarihler 1923-
245 ## - BAŞLIK TABLOSU
Başlık Diktacı tutum ve demokrasi
Sorumluluk Tablosu, Vb Selahattin Ertürk
250 ## - EDITION TABLOSU
Baskı Beyanı gnşl. 3. bs.
260 ## - YAYIN, DAĞITIM, VB
Yayın, Dağıtım, Vb Yeri Ankara
Yayıncı, Dağıtıcı, Vs Adı Yelkentepe Yayınları
Yayın, Dağıtım, Vb Tarihi 1981
300 ## - FİZİKSEL TANIM
Kapsam xi, 226 s.
Boyutlar 20 sm.
490 ## - SERİSİ TABLOSU
Seri Beyanı Yelkentepe yayınları
Hacim / Ardışık Tanımı 8
504 ## - KAYNAKÇA VB NOT
Kaynakça Vb Notu Kaynakça ve dizin var.
650 ## - KONU KATMA GİRİŞ - TOPİKAL DÖNEM
Topikal Süreli Veya Coğrafi Ad Giriş Elemanı Mutlak monarşi
Genel Alt Bölümü Din
650 ## - KONU KATMA GİRİŞ - TOPİKAL DÖNEM
Topikal Süreli Veya Coğrafi Ad Giriş Elemanı Mutlak monarşi
Genel Alt Bölümü Felsefe
650 ## - KONU KATMA GİRİŞ - TOPİKAL DÖNEM
Topikal Süreli Veya Coğrafi Ad Giriş Elemanı Mutlak monarşi
Genel Alt Bölümü Demokrasi
942 ## - EKLENDİ GİRİŞ ELEMANLARI (KOHA)
Sınıflandırma Veya Raf Düzeni Kaynak Dewey Decimal Classification
Koha Öğesi Türü Books
999 ## - SİSTEM KONTROL NUMARALARI (KOHA)
Koha Biblionumber 3193
Koha Biblioitemnumber 3193
Holdings
Kalıcı Konum Mevcut Konum Edinme Tarihi Edinim Kaynak Toplam Check-Out'Lar Tam Çağrı Numarası Barkod Tarih Son Görülme İtibaren Geçerli Fiyatlar Koha Öğesi Türü
CHP Kütüphanesi CHP Kütüphanesi 09/25/2016 Bağış   321.6 E67d 1981 004196 09/25/2016 09/25/2016 Books